José María Morelos y Pavón / (Record no. 33165)

MARC details
000 -CABECERA
campo de control de longitud fija 00832nam a2200217 a 4500
005 - FECHA Y HORA DE LA ÚLTIMA TRANSACCIÓN
campo de control 20230601063647.0
008 - ELEMENTOS DE LONGITUD FIJA--INFORMACIÓN GENERAL
campo de control de longitud fija 991125n1985 [me 000 0 spa u
035 ## - NÚMERO DE CONTROL DEL SISTEMA
Número de control de sistema UPN01000033165
049 ## - COLECCIÓN
Colección F
050 #4 - SIGNATURA TOPOGRÁFICA DE LA BIBLIOTECA DEL CONGRESO
Número de clasificación F1203 C8
Número de documento/Ítem no.41
245 00 - MENCIÓN DE TÍTULO
Título José María Morelos y Pavón /
Mención de responsabilidad, etc. colab. Perla Chinchilla, Ruth Solís
260 ## - PUBLICACIÓN, DISTRIBUCIÓN, ETC.
Lugar de publicación, distribución, etc. [México] :
Nombre del editor, distribuidor, etc. INEHRM,
Fecha de publicación, distribución, etc. 1985
300 ## - DESCRIPCIÓN FÍSICA
Extensión 79 p. :
Otras características físicas il
440 #0 - MENCIÓN DE SERIE/ASIENTO SECUNDARIO--TÍTULO
Título Serie de cuadernos conmemorativos;
Designación de volumen o secuencia 41
500 ## - NOTA GENERAL
Nota general Comisión Nacional para las celebraciones del 175 aniversario de la Independencia Nacional y 75 aniversario de la Revolución Mexicana
600 14 - ASIENTO SECUNDARIO DE MATERIA - NOMBRE PERSONAL
Nombre de persona MORELOS Y PAVON, JOSE MARIA,
Fechas asociadas al nombre 1765-1815
651 #4 - ASIENTO SECUNDARIO DE MATERIA - NOMBRE GEOGRAFICO
Nombre geográfico México
Subdivisión general Historia
Subdivisión cronológica Guerra de Independencia, 1810-1821
9 (RLIN) 15381
700 2# - ASIENTO SECUNDARIO--NOMBRE DE PERSONAL
Nombre de persona Chinchilla, Perla,
Término indicativo de función/relación colab.
700 1# - ASIENTO SECUNDARIO--NOMBRE DE PERSONAL
Nombre de persona Solís Vicarte, Ruth,
Término indicativo de función/relación colab.
9 (RLIN) 30032
905 ## - TIPO DE MATERIAL
Tipo de material Libro
Holdings
Estado de retiro Estado de pérdida Fuente del sistema de clasificación o colocación Estado dañado No para préstamo Código de colección Localización permanente Ubicación/localización actual Ubicación en estantería Fecha de adquisición Enumeración/cronología de publicación seriada Clasificación Código de barras Fecha visto por última vez Número de copia Tipo de ítem Koha
    Library of Congress Classification   Disponible (Préstamo en sala) Folletería Bib. Gregorio Torres Quintero Bib. Gregorio Torres Quintero Colecciones especiales Planta alta 03/05/2023 - F1203 C8 no.41 142991 31/12/2020 1 Folleto